| 000 | 00549nam a2200181Ia 4500 | ||
|---|---|---|---|
| 003 | LK-CoDNM | ||
| 008 | 010623t2003 xxu||||| |||| 00| 1 sin d | ||
| 040 |
_aLK-CoDNM _dLK-CoDNM _eLK-CoDNM |
||
| 041 | _asin | ||
| 080 | _a294.382.3SAN | ||
| 100 | _aChandavimala himi,Rerukane and other | ||
| 245 | _aසන්න සහිත පිරිත් තුන් සූත්රය | ||
| 246 | _aSanna Sahitha Pirith Tun Sutraya | ||
| 260 |
_bBauddha Grantha Prakasana _aKandy _c2003 |
||
| 300 | _b73p, 21 cm | ||
| 650 | _aBuddhism | ||
| 942 | _cBK | ||
| 999 |
_c123242 _d123242 |
||